| 000 | 00374nam a2200133Ia 4500 | ||
|---|---|---|---|
| 008 | 221030s9999 xx 000 0 und d | ||
| 041 | _aEnglish | ||
| 100 | _aW. H. Tranter | ||
| 245 | 0 |
_aPrinciples of Communication Systems Simulation with Wireless Applications _cby W. H. Tranter, K. S. Shanmugan |
|
| 260 | _c0 | ||
| 650 | _aB | ||
| 700 | _aK. S. Shanmugan | ||
| 942 | _cBK | ||
| 999 |
_c17461 _d17461 |
||